000 00698nam a2200265Ia 4500
005 20260121170048.0
008 008 260114s9999 xx 000 0 eng d
020 _a9789812877246
037 _aEBOOK
040 _aCRL
040 _beng
040 _cCRL
041 _2eng
041 _aeng
084 _qCRL
100 _aWerasak Udomkichdecha, Anchalee Mononukul, Thomas Böllinghaus, Jürgen Lexow
_91059347
245 0 _aMaterials for Energy Infrastructure
260 _bSpringer
260 _bSpringer
260 _c2016
856 _uhttps://link.springer.com/openurl?genre=book&isbn=978-981-287-724-6
942 _cEBOOK
999 _c1625076
_d1625076